[Event "Florianopolis op 5th"]
[Site "Florianopolis"]
[Date "2019.01.26"]
[Round "8"]
[White "Broday, Geovani Allan"]
[Black "Silva, Kaua Marques"]
[Result "1/2-1/2"]
[WhiteElo "2129"]
[BlackElo "1894"]
[PlyCount "78"]
[EventDate "2019.01.21"]
[EventType "swiss"]
[EventRounds "10"]
[EventCountry "BRA"]
[SourceTitle "CBM 188 Extra"]
[Source "ChessBase"]
[SourceDate "2019.02.28"]
[SourceVersion "1"]
[SourceVersionDate "2019.02.28"]
[SourceQuality "1"]

1. e4 c5 2. Nf3 Nc6 3. d4 cxd4 4. Nxd4 Nf6 5. Nc3 e5 6. Ndb5 d6 7. Bg5 a6 8. Na3 b5 9. Nd5 Be7 10. Bxf6 Bxf6 11. c4 b4 12. Nc2 0-0 13. g3 Bg5 14. Bg2 a5 15. 0-0 Ne7 16. Nce3 Bxe3 17. Nxe3 Be6 18. Qd3 Qc7 19. Rfd1 Rfd8 20. Rac1 Nc6 21. Nf5 a4 22. Ne3 Rab8 23. b3 Qa7 24. Nc2 Ra8 25. Ra1 f6 26. Bf1 Qc5 27. Kg2 Ra5 28. Qd2 Kf8 29. a3 Rb8 30. axb4 Nxb4 31. Nxb4 Rxb4 32. Qxd6+ Qxd6 33. Rxd6 Ke7 34. Rd3 Bd7 35. bxa4 Raxa4 36. Rxa4 Rxa4 37. Rc3 Bc6 38. Bd3 f5 39. f3 Ra2+ 1/2-1/2

[Event "Florianopolis op 5th"]
[Site "Florianopolis"]
[Date "2019.01.24"]
[Round "5"]
[White "Boabaid, Jorge Alberto Duard"]
[Black "Broday, Geovani Allan"]
[Result "0-1"]
[WhiteElo "1868"]
[BlackElo "2129"]
[PlyCount "72"]
[EventDate "2019.01.21"]
[EventType "swiss"]
[EventRounds "10"]
[EventCountry "BRA"]
[SourceTitle "CBM 188 Extra"]
[Source "ChessBase"]
[SourceDate "2019.02.28"]
[SourceVersion "1"]
[SourceVersionDate "2019.02.28"]
[SourceQuality "1"]

1. e4 c5 2. Nf3 e6 3. d4 cxd4 4. Nxd4 a6 5. Nc3 Qc7 6. Bd3 Nf6 7. 0-0 Be7 8. f4 d6 9. Kh1 b5 10. Nce2 Bb7 11. Ng3 h5 12. Qf3 Nbd7 13. Nb3 h4 14. Ne2 h3 15. g4 d5 16. Ng3 dxe4 17. Nxe4 Nxg4 18. Qxg4 f5 19. Qxg7 0-0-0 20. Qxe7 fxe4 21. Be2 e3+ 22. Bf3 e2 23. Be3 exf1Q+ 24. Rxf1 Bxf3+ 25. Rxf3 Qxc2 26. Nd2 Qc6 27. Qa3 Kb7 28. Qc3 Qxc3 29. bxc3 e5 30. Nb3 exf4 31. Na5+ Kc8 32. Rxf4 Rdf8 33. Nb3 Rxf4 34. Bxf4 Rf8 35. Be3 Rf1+ 36. Bg1 Ne5 0-1

[Event "Florianopolis blitz op 5th"]
[Site "Florianopolis"]
[Date "2019.01.23"]
[Round "7"]
[White "Broday, Geovani Allan"]
[Black "Sunye Neto, Jaime"]
[Result "0-1"]
[WhiteElo "2097"]
[BlackElo "2446"]
[PlyCount "106"]
[EventDate "2019.01.23"]
[EventType "swiss (blitz)"]
[EventRounds "11"]
[EventCountry "BRA"]
[SourceTitle "CBM 188 Extra"]
[Source "ChessBase"]
[SourceDate "2019.02.28"]
[SourceVersion "1"]
[SourceVersionDate "2019.02.28"]
[SourceQuality "1"]

1. e4 c5 2. Nf3 e6 3. g3 Nc6 4. Bg2 Nf6 5. d3 d5 6. Nbd2 Be7 7. 0-0 b6 8. c3 Bb7 9. Qe2 Qc7 10. e5 Nd7 11. d4 a5 12. Rd1 cxd4 13. cxd4 Ba6 14. Qe3 Nb4 15. Qc3 Rc8 16. Qxc7 Rxc7 17. Bf1 Bxf1 18. Nxf1 0-0 19. Ne3 Rfc8 20. Bd2 Nc2 21. Nxc2 Rxc2 22. Bc3 Ba3 23. Rab1 f6 24. exf6 gxf6 25. Ne1 R2xc3 26. bxc3 Rxc3 27. Rb3 Rxb3 28. axb3 Kf7 29. Nd3 e5 30. Kg2 Ke6 31. dxe5 fxe5 32. Ra1 Bd6 33. f3 e4 34. fxe4 dxe4 35. Nf2 Nc5 36. Re1 Kd5 37. g4 Bf4 38. h4 Bd2 39. Re2 e3 40. Kf3 Nxb3 41. Rxe3 Bxe3 42. Kxe3 a4 43. Kd3 a3 44. Ne4 Nc5+ 45. Nxc5 bxc5 46. Kc3 c4 47. g5 Ke5 48. h5 Kf5 49. g6 Kf6 50. gxh7 Kg7 51. Kc2 Kxh7 52. Kb1 c3 53. Kc1 a2 0-1

[Event "Brazil AXPG op 1st"]
[Site "Ponta Grossa"]
[Date "2017.10.28"]
[Round "4"]
[White "Broday, Geovani Allan"]
[Black "Montufar Berrios, Eymi Priscila"]
[Result "1-0"]
[WhiteElo "2115"]
[BlackElo "1775"]
[PlyCount "82"]
[EventDate "2017.10.26"]
[EventType "swiss"]
[EventRounds "7"]
[EventCountry "BRA"]
[SourceTitle "CBM 181 Extra"]
[Source "ChessBase"]
[SourceDate "2017.12.12"]
[SourceVersion "1"]
[SourceVersionDate "2017.12.12"]
[SourceQuality "1"]

1. e4 c5 2. Nf3 d6 3. Bc4 Nf6 4. e5 dxe5 5. Nxe5 e6 6. Qe2 Bd6 7. 0-0 0-0 8. b3 Nbd7 9. f4 Nd5 10. Bb2 Nxe5 11. fxe5 Be7 12. Bd3 Bg5 13. Be4 h6 14. Na3 Rb8 15. Nb5 Bd7 16. Nd6 Bc6 17. Qf2 f5 18. Bxd5 Bxd5 19. Qxc5 Bxd2 20. Qf2 Qg5 21. h4 Qe3 22. Bd4 Qxf2+ 23. Rxf2 Bb4 24. c4 Bc6 25. Bxa7 Rbd8 26. Rd1 Rd7 27. Bb6 g5 28. hxg5 hxg5 29. Rd3 Kg7 30. Bd4 Kg6 31. c5 f4 32. Rc2 Bd5 33. Bf2 Rh8 34. Rd4 Rdh7 35. Kf1 Ba5 36. b4 Bc7 37. b5 Rh1+ 38. Bg1 f3 39. gxf3 R8h3 40. Rxd5 exd5 41. Kg2 d4 1-0

[Event "Brazil AXPG op 1st"]
[Site "Ponta Grossa"]
[Date "2017.10.27"]
[Round "3"]
[White "Matsuura, Everaldo"]
[Black "Broday, Geovani Allan"]
[Result "1-0"]
[WhiteElo "2478"]
[BlackElo "2115"]
[PlyCount "85"]
[EventDate "2017.10.26"]
[EventType "swiss"]
[EventRounds "7"]
[EventCountry "BRA"]
[SourceTitle "CBM 181 Extra"]
[Source "ChessBase"]
[SourceDate "2017.12.12"]
[SourceVersion "1"]
[SourceVersionDate "2017.12.12"]
[SourceQuality "1"]

1. e4 e5 2. Nf3 Nc6 3. d4 exd4 4. Nxd4 Bc5 5. Nb3 Be7 6. Nc3 Nf6 7. Bf4 d6 8. Qd2 0-0 9. 0-0-0 a6 10. f3 b5 11. Kb1 Bb7 12. Nd5 Re8 13. h4 Nxd5 14. exd5 Ne5 15. Na5 Bc8 16. Be2 Bd7 17. Bg5 f6 18. Be3 f5 19. Rdg1 Bf8 20. g4 Qe7 21. Bg5 Qf7 22. Rf1 Be7 23. Bf4 Ng6 24. Bg3 f4 25. h5 fxg3 26. hxg6 hxg6 27. Bd3 Qf6 28. Qg2 Kf7 29. Qxg3 Rh8 30. Nb3 Rxh1 31. Rxh1 g5 32. Qh3 Rg8 33. Re1 Ke8 34. Na5 Kd8 35. Bf5 Re8 36. c3 Bxf5+ 37. gxf5 Bf8 38. Nc6+ Kd7 39. Re6 Rxe6 40. fxe6+ Ke8 41. a3 g6 42. Qh7 Qf5+ 43. Ka1 1-0

[Event "Florianopolis Winter Amateur op"]
[Site "Florianopolis"]
[Date "2017.08.11"]
[Round "1"]
[White "Couto, Mauricio Souza"]
[Black "Broday, Geovani Allan"]
[Result "0-1"]
[WhiteElo "1706"]
[BlackElo "2088"]
[PlyCount "132"]
[EventDate "2017.08.11"]
[EventType "swiss"]
[EventRounds "7"]
[EventCountry "BRA"]
[SourceTitle "CBM 180 Extra"]
[Source "ChessBase"]
[SourceDate "2017.10.06"]
[SourceVersion "1"]
[SourceVersionDate "2017.10.06"]
[SourceQuality "1"]

1. d4 Nf6 2. Bf4 e6 3. Nf3 b6 4. e3 Be7 5. Nbd2 Bb7 6. Bd3 d6 7. 0-0 Nh5 8. a4 a5 9. Nc4 Nd7 10. Nfd2 Nxf4 11. exf4 0-0 12. Re1 Bf6 13. c3 Re8 14. Be4 Qc8 15. Bxb7 Qxb7 16. Ne4 Be7 17. Ng5 Bxg5 18. fxg5 Qd5 19. Qd3 Qxg5 20. Re3 Nf8 21. Na3 Qd8 22. Rae1 Qd7 23. b3 d5 24. h4 Qe7 25. Nb1 Qxh4 26. Rh3 Qe7 27. Re5 f5 28. Rhe3 Qd6 29. Qe2 f4 30. Rh3 Ng6 31. Rg5 Qe7 32. Qh5 Nf8 33. Nd2 Qf7 34. Qh4 Qf6 35. Nf3 h6 36. Qxh6 Qxh6 37. Rxh6 Nd7 38. Rh4 Rf8 39. Rgh5 Kf7 40. Rxf4+ Ke7 41. Rg4 Rf7 42. Rh7 Nf6 43. Rgh4 Nxh7 44. Rxh7 Raf8 45. Ne5 Rxf2 46. Ng6+ Kd6 47. Nxf8 Rxf8 48. Rxg7 c5 49. Rg3 Rf4 50. Rd3 e5 51. dxc5+ bxc5 52. g3 Rg4 53. Kf2 c4 54. bxc4 Rxc4 55. Ke3 e4 56. Rd1 Rxc3+ 57. Kf4 Rf3+ 58. Kg4 Ke5 59. Rb1 Ra3 60. Kh4 Rxa4 61. g4 e3 62. Kh5 Rb4 63. Ra1 e2 64. g5 Re4 65. Re1 d4 66. g6 Kf6 0-1

[Event "Florianopolis op 3rd"]
[Site "Florianopolis"]
[Date "2017.01.26"]
[Round "10"]
[White "Cadilhac, Igor Tokuichi Kikuc"]
[Black "Broday, Geovani Allan"]
[Result "1/2-1/2"]
[WhiteElo "2274"]
[BlackElo "2097"]
[PlyCount "54"]
[EventDate "2017.01.20"]
[EventType "swiss"]
[EventRounds "10"]
[EventCountry "BRA"]
[SourceTitle "CBM 176 Extra"]
[Source "ChessBase"]
[SourceDate "2017.03.02"]
[SourceVersion "1"]
[SourceVersionDate "2017.03.02"]
[SourceQuality "1"]

1. e4 e5 2. Nf3 Nc6 3. Bb5 a6 4. Ba4 Nf6 5. d3 d6 6. c3 Be7 7. 0-0 0-0 8. Re1 b5 9. Bb3 Na5 10. Bc2 c5 11. Nbd2 Re8 12. Nf1 h6 13. a4 Rb8 14. Ne3 Nc6 15. axb5 axb5 16. d4 Bf8 17. d5 Ne7 18. Nd2 Bd7 19. b4 c4 20. Bb2 Ra8 21. Qe2 Qb6 22. Reb1 Qb7 23. Qd1 Ng6 24. g3 Rxa1 25. Rxa1 Ra8 26. Rxa8 Qxa8 27. Qa1 Qb7 1/2-1/2

[Event "Florianopolis op 3rd"]
[Site "Florianopolis"]
[Date "2017.01.24"]
[Round "7"]
[White "Broday, Geovani Allan"]
[Black "Noronha, Natanael Muana C"]
[Result "1/2-1/2"]
[WhiteElo "2097"]
[BlackElo "1844"]
[PlyCount "60"]
[EventDate "2017.01.20"]
[EventType "swiss"]
[EventRounds "10"]
[EventCountry "BRA"]
[SourceTitle "CBM 176 Extra"]
[Source "ChessBase"]
[SourceDate "2017.03.02"]
[SourceVersion "1"]
[SourceVersionDate "2017.03.02"]
[SourceQuality "1"]

1. e4 c5 2. Nf3 g6 3. d4 cxd4 4. Nxd4 Nc6 5. Nc3 Bg7 6. Be3 Nf6 7. Bc4 0-0 8. Bb3 a5 9. f3 d5 10. Nxc6 bxc6 11. e5 Nd7 12. f4 e6 13. Na4 f6 14. exf6 Qxf6 15. 0-0 Ba6 16. Re1 e5 17. fxe5 Nxe5 18. Bd4 Nf3+ 19. gxf3 Qxd4+ 20. Qxd4 Bxd4+ 21. Kg2 Rae8 22. Rad1 Rxe1 23. Rxe1 Kf7 24. c3 Ba7 25. Bc2 Re8 26. Rxe8 Kxe8 27. b4 axb4 28. cxb4 Kd7 29. Nb2 c5 30. bxc5 Bxc5 1/2-1/2

[Event "Florianopolis op 3rd"]
[Site "Florianopolis"]
[Date "2017.01.23"]
[Round "5"]
[White "Broday, Geovani Allan"]
[Black "Mangini, Bruno Fernandes"]
[Result "1-0"]
[WhiteElo "2097"]
[BlackElo "1732"]
[PlyCount "87"]
[EventDate "2017.01.20"]
[EventType "swiss"]
[EventRounds "10"]
[EventCountry "BRA"]
[SourceTitle "CBM 176 Extra"]
[Source "ChessBase"]
[SourceDate "2017.03.02"]
[SourceVersion "1"]
[SourceVersionDate "2017.03.02"]
[SourceQuality "1"]

1. e4 c6 2. d4 d5 3. Nc3 dxe4 4. Nxe4 Bf5 5. Ng3 Bg6 6. Nf3 Nd7 7. h4 h6 8. h5 Bh7 9. Bc4 e6 10. Bf4 Qa5+ 11. c3 Ngf6 12. Qe2 Be7 13. b4 Qd8 14. 0-0 0-0 15. Rfe1 Nd5 16. Bd2 N7f6 17. Ne5 Bd6 18. Bb3 Qc7 19. c4 Ne7 20. f3 Qd8 21. Bc3 b5 22. Rad1 a6 23. Ne4 Nxe4 24. fxe4 Qc7 25. c5 Bxe5 26. dxe5 Rad8 27. Rd6 Nc8 28. Qg4 Kh8 29. Re3 Ne7 30. Red3 Rg8 31. Qd1 Bxe4 32. Rxd8 Bxd3 33. Rxg8+ Kxg8 34. Qxd3 Nd5 35. Bxd5 exd5 36. Qf5 Kh8 37. Bd4 Kg8 38. e6 fxe6 39. Qxe6+ Kh8 40. Qxh6+ Kg8 41. Qe6+ Kh7 42. Qg6+ Kg8 43. h6 Qe7 44. Qxg7+ 1-0

[Event "Florianopolis op 3rd"]
[Site "Florianopolis"]
[Date "2017.01.20"]
[Round "1"]
[White "Broday, Geovani Allan"]
[Black "Aranha Filho, Alvaro Zimmermann"]
[Result "0-1"]
[WhiteElo "2097"]
[BlackElo "2306"]
[PlyCount "144"]
[EventDate "2017.01.20"]
[EventType "swiss"]
[EventRounds "10"]
[EventCountry "BRA"]
[SourceTitle "CBM 176 Extra"]
[Source "ChessBase"]
[SourceDate "2017.03.02"]
[SourceVersion "1"]
[SourceVersionDate "2017.03.02"]
[SourceQuality "1"]

1. e4 c5 2. Nf3 Nc6 3. d4 cxd4 4. Nxd4 Nf6 5. Nc3 e5 6. Ndb5 d6 7. Bg5 a6 8. Na3 b5 9. Nd5 Be7 10. Bxf6 Bxf6 11. c4 b4 12. Nc2 a5 13. g3 0-0 14. Bg2 Bg5 15. h4 Bh6 16. 0-0 Ne7 17. Nce3 Bxe3 18. Nxe3 Be6 19. Qd3 Qc7 20. Rfd1 Rfd8 21. Rac1 Nc6 22. Kh2 Nd4 23. Nc2 Nc6 24. Ne3 a4 25. Bh3 Nd4 26. Nc2 Nc6 27. Ne3 Qa7 28. Rd2 b3 29. axb3 Nd4 30. Bxe6 fxe6 31. bxa4 Nf3+ 32. Kg2 Nxd2 33. Qxd2 Qxa4 34. b4 Qc6 35. Qd3 Ra2 36. Rc2 Rxc2 37. Qxc2 Qb6 38. b5 Qd4 39. Qb1 Rf8 40. Qc2 h6 41. h5 Rc8 42. Qb1 Ra8 43. Kf3 Qd2 44. Qf1 Ra2 45. g4 Qd4 46. Qb1 Rb2 47. Qe1 Qd3 48. Qg1 Qe2+ 49. Kg3 Kh7 50. Qg2 Rd2 51. Qg1 Rd4 52. Qg2 Rd2 53. Qg1 Qd3 54. Qg2 Qb1 55. Qf3 Rd4 56. b6 Rxe4 57. Qf7 Rf4 58. Qxe6 Qg1+ 59. Ng2 Qxf2+ 60. Kh2 Rf6 61. Qd5 Qxb6 62. Qe4+ Kg8 63. Ne3 Qd4 64. Qa8+ Rf8 65. Qd5+ Qxd5 66. cxd5 Rf3 67. Nc4 Rd3 68. Nxd6 Rxd5 69. Nf5 Kf7 70. Kg3 Rd3+ 71. Kf2 Kf8 72. Ke2 e4 0-1

[Event "Santa Catarina-ch sf1"]
[Site "Sao Bento do Sul"]
[Date "2016.03.06"]
[Round "5"]
[White "Almeida, Heidy Jose Moreira"]
[Black "Broday, Geovani Allan"]
[Result "0-1"]
[WhiteElo "1886"]
[BlackElo "2117"]
[PlyCount "24"]
[EventDate "2016.03.04"]
[EventType "swiss"]
[EventRounds "6"]
[EventCountry "BRA"]
[SourceTitle "EXT 2018"]
[Source "ChessBase"]
[SourceDate "2017.10.13"]
[SourceVersion "1"]
[SourceVersionDate "2017.10.13"]
[SourceQuality "1"]

1. e4 c5 2. Nf3 e6 3. d4 cxd4 4. Nxd4 Nc6 5. Be3 Qc7 6. Nf3 a6 7. g4 Be7 8. h4 Nf6 9. Nc3 b5 10. Ne2 d5 11. g5 Nh5 12. exd5 exd5 0-1

[Event "Santa Catarina-ch sf1"]
[Site "Sao Bento do Sul"]
[Date "2016.03.05"]
[Round "3"]
[White "Volkmann, Andre Jordi"]
[Black "Broday, Geovani Allan"]
[Result "1/2-1/2"]
[WhiteElo "1728"]
[BlackElo "2117"]
[PlyCount "48"]
[EventDate "2016.03.04"]
[EventType "swiss"]
[EventRounds "6"]
[EventCountry "BRA"]
[SourceTitle "EXT 2018"]
[Source "ChessBase"]
[SourceDate "2017.10.13"]
[SourceVersion "1"]
[SourceVersionDate "2017.10.13"]
[SourceQuality "1"]

1. d4 Nf6 2. c4 e6 3. Nc3 Bb4 4. Bd2 d5 5. e3 0-0 6. Bd3 dxc4 7. Bxc4 c5 8. Nf3 Nc6 9. dxc5 Bxc5 10. 0-0 a6 11. Rc1 b5 12. Nxb5 axb5 13. Bxb5 Qb6 14. Bxc6 Rxa2 15. Qc2 Be7 16. Ba4 Rxb2 17. Rb1 Rxb1 18. Rxb1 Qa7 19. Bc3 Bb7 20. Bd4 Qa8 21. Qc7 Bxf3 22. Qxe7 Bxg2 23. Bxf6 Bh1 24. Bc6 Bxc6 1/2-1/2

[Event "Fraiburgo Alvino Memorial 3rd"]
[Site "Fraiburgo"]
[Date "2013.07.20"]
[Round "4"]
[White "Broday, Geovani Allan"]
[Black "Dalanhol, Joao Vitor"]
[Result "1-0"]
[WhiteElo "2097"]
[BlackElo "1844"]
[PlyCount "61"]
[EventDate "2013.07.19"]
[EventType "swiss"]
[EventRounds "6"]
[EventCountry "BRA"]
[SourceTitle "CBM 155 Extra"]
[Source "ChessBase"]
[SourceDate "2013.08.26"]
[SourceVersion "1"]
[SourceVersionDate "2013.08.26"]
[SourceQuality "1"]

1. e4 c5 2. Nf3 d6 3. Bc4 a6 4. a4 e6 5. Qe2 Nd7 6. c3 Ngf6 7. 0-0 Be7 8. d4 cxd4 9. cxd4 0-0 10. Nc3 Qc7 11. Bd3 b6 12. Bf4 Bb7 13. Rac1 Rfc8 14. Nd5 Qd8 15. Nxe7+ Qxe7 16. Rxc8+ Rxc8 17. Bxa6 Bxa6 18. Qxa6 Rb8 19. e5 Ne4 20. exd6 Nxd6 21. Ne5 Nxe5 22. Bxe5 Qc7 23. a5 f6 24. Bf4 Kf7 25. Rc1 Qd8 26. Rc6 Ra8 27. Qe2 Nf5 28. Qxe6+ Kg6 29. g4 Nxd4 30. Qe4+ Kf7 31. Rd6 1-0

[Event "Foz do Iguacu op 3rd"]
[Site "Foz do Iguacu"]
[Date "2013.06.02"]
[Round "5"]
[White "Broday, Geovani Allan"]
[Black "Zimmermann, Kleber Renato P"]
[Result "1-0"]
[WhiteElo "2075"]
[BlackElo "1940"]
[PlyCount "117"]
[EventDate "2013.05.31"]
[EventType "swiss"]
[EventRounds "6"]
[EventCountry "BRA"]
[SourceTitle "CBM 154 Extra"]
[Source "ChessBase"]
[SourceDate "2013.06.25"]
[SourceVersion "2"]
[SourceVersionDate "2013.06.25"]
[SourceQuality "1"]

1. e4 c5 2. Nf3 e6 3. d3 Be7 4. g3 Nc6 5. c3 Nf6 6. Bg2 d5 7. Qe2 c4 8. dxc4 dxe4 9. Nfd2 Ne5 10. 0-0 Qd3 11. Re1 Qxe2 12. Rxe2 Nd3 13. Nb3 Nxc1 14. Nxc1 b6 15. Nd2 Bb7 16. Nxe4 Nxe4 17. Bxe4 0-0-0 18. Bxb7+ Kxb7 19. Nb3 Bf6 20. c5 Rd5 21. cxb6 axb6 22. Rd2 Rxd2 23. Nxd2 Rd8 24. Nb3 h5 25. Kf1 h4 26. Ke2 hxg3 27. hxg3 Kc6 28. a4 Rd5 29. a5 bxa5 30. Nxa5+ Kb6 31. Nc4+ Kb7 32. Ne3 Rb5 33. Ra2 Bd8 34. b4 f5 35. Kd3 f4 36. gxf4 Rh5 37. Ke4 Bc7 38. f3 Rh4 39. Ng4 Rh1 40. Re2 Rc1 41. Kd3 Bxf4 42. Rxe6 g5 43. Ne3 Rb1 44. Nf5 Rd1+ 45. Kc2 Rd2+ 46. Kb3 Rf2 47. Nd4 Bc1 48. b5 Rg2 49. Kc4 g4 50. Nb3 Ba3 51. Na5+ Kc7 52. b6+ Kd7 53. b7 Kxe6 54. b8Q gxf3 55. Qf4 Bd6 56. Qxf3 Rh2 57. Nc6 Rh4+ 58. Nd4+ Kd7 59. Qb7+ 1-0

[Event "Curitiba IRT op"]
[Site "Curitiba"]
[Date "2013.04.07"]
[Round "5"]
[White "Broday, Geovani Allan"]
[Black "Nogueira, Ivan Kuhlmann"]
[Result "1/2-1/2"]
[WhiteElo "2075"]
[BlackElo "2313"]
[PlyCount "89"]
[EventDate "2013.04.05"]
[EventType "swiss"]
[EventRounds "6"]
[EventCountry "BRA"]
[SourceTitle "CBM 153 Extra"]
[Source "ChessBase"]
[SourceDate "2013.04.22"]
[SourceVersion "1"]
[SourceVersionDate "2013.04.22"]
[SourceQuality "1"]

1. e4 e5 2. Nf3 Nc6 3. Bc4 Nf6 4. d3 Bc5 5. c3 Qe7 6. Qe2 d6 7. Bb3 Be6 8. Bc2 Bb6 9. Bg5 h6 10. Be3 0-0 11. Nbd2 Bxe3 12. Qxe3 Ng4 13. Qe2 f5 14. h3 Nf6 15. Nh4 Qd7 16. Bb3 Bxb3 17. axb3 Ne7 18. 0-0 fxe4 19. dxe4 g5 20. Nhf3 Ng6 21. Nh2 Nf4 22. Qf3 h5 23. Rfe1 Qe6 24. Qg3 Nh7 25. Nhf3 Kh8 26. Nc4 h4 27. Qg4 Nxh3+ 28. gxh3 Qxg4+ 29. hxg4 Rxf3 30. Nd2 Rf7 31. f3 Nf8 32. Kf2 Ne6 33. Ke3 Nf4 34. Rh1 a6 35. b4 c6 36. Nc4 Rd8 37. Rad1 Rfd7 38. Rd2 d5 39. Nxe5 Re7 40. Nc4 Re6 41. Rd4 Rf8 42. Nd2 b6 43. Ra1 c5 44. bxc5 bxc5 45. Rda4 1/2-1/2

[Event "Curitiba IRT op"]
[Site "Curitiba"]
[Date "2013.04.07"]
[Round "6"]
[White "Maisuradze, Nino"]
[Black "Broday, Geovani Allan"]
[Result "1-0"]
[WhiteElo "2303"]
[BlackElo "2075"]
[PlyCount "87"]
[EventDate "2013.04.05"]
[EventType "swiss"]
[EventRounds "6"]
[EventCountry "BRA"]
[SourceTitle "CBM 153 Extra"]
[Source "ChessBase"]
[SourceDate "2013.04.22"]
[SourceVersion "1"]
[SourceVersionDate "2013.04.22"]
[SourceQuality "1"]

1. d4 Nf6 2. c4 e6 3. Nc3 Bb4 4. Qc2 b6 5. a3 Bxc3+ 6. Qxc3 Bb7 7. Nf3 d6 8. b4 Nbd7 9. Bb2 c5 10. e3 Qc7 11. Be2 Rc8 12. Rc1 0-0 13. 0-0 Rfd8 14. Rfd1 cxd4 15. Qxd4 Nf8 16. Nd2 Ng6 17. e4 e5 18. Qe3 Nf4 19. Bf1 g5 20. g3 Ne6 21. Bh3 g4 22. Bg2 Ne8 23. Qe2 h5 24. Nf1 Qe7 25. Ne3 N8g7 26. Nd5 Qg5 27. Rc2 Bxd5 28. cxd5 Nf8 29. Rdc1 Rxc2 30. Rxc2 Rd7 31. Bc1 Qd8 32. Qc4 h4 33. Bf1 hxg3 34. fxg3 Qf6 35. Qe2 Qg6 36. Rc8 f6 37. Qe3 Rf7 38. Bd3 Qh5 39. Qh6 Qxh6 40. Bxh6 Re7 41. Be2 Ne8 42. Bxg4 Kf7 43. Bxf8 Kxf8 44. Bh5 1-0

[Event "Curitiba Oliveira Memorial"]
[Site "Curitiba"]
[Date "2012.12.15"]
[Round "4"]
[White "Dotorivo de Sousa, Eduardo"]
[Black "Broday, Geovani Allan"]
[Result "1-0"]
[WhiteElo "1940"]
[BlackElo "2081"]
[PlyCount "87"]
[EventDate "2012.12.14"]
[EventType "swiss"]
[EventRounds "6"]
[EventCountry "BRA"]
[SourceTitle "CBM 152 Extra"]
[Source "ChessBase"]
[SourceDate "2013.02.25"]
[SourceVersion "1"]
[SourceVersionDate "2013.02.25"]
[SourceQuality "1"]

1. Nf3 Nf6 2. c4 e6 3. d4 b6 4. g3 Ba6 5. Qc2 Bb7 6. Bg2 c5 7. e3 Be7 8. 0-0 0-0 9. Nc3 cxd4 10. exd4 d5 11. Ne5 Qc8 12. Be3 dxc4 13. Bxb7 Qxb7 14. Nxc4 Nc6 15. Rac1 Rac8 16. Qe2 Nb4 17. Ne5 Nbd5 18. Nxd5 Nxd5 19. a3 Bd6 20. Bd2 Bxe5 21. dxe5 Rfd8 22. Rfd1 Rd7 23. Qe4 h6 24. Bb4 Rcd8 25. Bd6 f5 26. Qh4 Kh7 27. Qc4 g5 28. b4 h5 29. b5 Rg7 30. Qe2 Kg6 31. Rc6 Rc8 32. Rdc1 Re8 33. a4 h4 34. gxh4 Nf4 35. Qf3 Rh8 36. hxg5 Nh3+ 37. Kf1 Nxg5 38. Qb3 Rxh2 39. Ke2 Rgh7 40. Rg1 R7h3 41. Qxe6+ Kh5 42. Rxg5+ Kxg5 43. Qf6+ Kh5 44. Qxf5+ 1-0

[Event "Maringa op 2nd"]
[Site "Maringa"]
[Date "2012.08.11"]
[Round "6"]
[White "Broday, Geovani Allan"]
[Black "Osipi, Jair"]
[Result "1/2-1/2"]
[WhiteElo "1899"]
[BlackElo "2204"]
[PlyCount "70"]
[EventDate "2012.08.08"]
[EventType "swiss"]
[EventRounds "9"]
[EventCountry "BRA"]
[SourceTitle "CBM 149 Extra"]
[Source "ChessBase"]
[SourceDate "2012.08.24"]
[SourceVersion "1"]
[SourceVersionDate "2012.08.24"]
[SourceQuality "1"]

1. e4 c5 2. Nf3 Nc6 3. d4 cxd4 4. Nxd4 Nf6 5. Nc3 e5 6. Ndb5 d6 7. Bg5 a6 8. Na3 b5 9. Nd5 Be7 10. Bxf6 Bxf6 11. c4 b4 12. Nc2 a5 13. g3 0-0 14. Bg2 Bg5 15. 0-0 Be6 16. b3 Bxd5 17. Qxd5 Qb6 18. Rfd1 Rfd8 19. h4 Bh6 20. Rd3 a4 21. Qb5 Qc7 22. Nxb4 Nd4 23. Rxd4 exd4 24. Nc6 Rdc8 25. Nxd4 axb3 26. Qxb3 Rab8 27. Nb5 Qxc4 28. Qxc4 Rxc4 29. Nxd6 Rc2 30. Nf5 Bd2 31. Nd4 Bc3 32. Nxc2 Bxa1 33. Bf1 Bc3 34. Bc4 Rb2 35. Bb3 Kf8 1/2-1/2